Loading...
| Science - Biology | 0 | 4 | 0 | 3 | 40 | 116 | 121.50 | 0 | 0 | 0.00 | 0.00 |
| History - World | 0 | 3 | 1 | 1 | 25 | 78 | 107.00 | 1 | 2 | 0.00 | 0.00 |
| Pop Culture | 0 | 2 | 0 | 0 | 20 | 39 | 44.00 | 0 | 1 | 0.00 | 0.00 |
| History - American | 0 | 3 | 2 | 1 | 20 | 89 | 108.33 | 0 | 0 | 0.00 | 0.00 |
| History - Other | 0 | 2 | 0 | 0 | 20 | 113 | 118.00 | 0 | 0 | 0.00 | 0.00 |
| History - European | 0 | 2 | 1 | 2 | 15 | 101 | 113.00 | 0 | 0 | 0.00 | 0.00 |
| Current Events | 0 | 1 | 0 | 0 | 10 | 65 | 65.00 | 0 | 1 | 0.00 | 0.00 |
| Fine Arts - Painting and Sculpture | 0 | 1 | 0 | 1 | 10 | 128 | 128.00 | 0 | 0 | 0.00 | 0.00 |
| Social Science | 0 | 1 | 0 | 1 | 10 | 113 | 113.00 | 0 | 0 | 0.00 | 0.00 |
| Science - Chemistry | 0 | 1 | 1 | 0 | 5 | 116 | 116.00 | 0 | 0 | 0.00 | 0.00 |
| Science - Other | 0 | 0 | 0 | 0 | 0 | 0.00 | 0 | 0 | 0.00 | 0.00 | |
| Science - Physics | 0 | 1 | 2 | 0 | 0 | 106 | 106.00 | 0 | 1 | 0.00 | 0.00 |
| Fine Arts - Other | 0 | 0 | 1 | 0 | -5 | 0.00 | 0 | 0 | 0.00 | 0.00 | |
| Philosophy | 0 | 0 | 1 | 0 | -5 | 0.00 | 0 | 0 | 0.00 | 0.00 |